00462nam a22001577a 450000500170000000800410001702000170005804100130007508200150008810000230010324500540012625000200018026000470020030000320024765000250027920231116131224.0231116b |||||||| |||| 00| 0 eng d a070210910 X  aEnglish  a343.9 VOS  aVos, WJ lEnglish  aPrinciples of South African Water Law / cWJ Vos  aSecond Edition  aCape Town : bJuta and Company Ltd, c1978 bxxii, 263 pages ; c26 cm.  aLegal practice bLaw